[Event "chess.com Speed 2020"]
[Site "chess.com INT"]
[Date "2020.12.03"]
[Round "2.38"]
[White "Carlsen, Magnus"]
[Black "Artemiev, Vladislav"]
[Result "1/2-1/2"]
[WhiteTitle "GM"]
[BlackTitle "GM"]
[WhiteElo "2862"]
[BlackElo "2708"]
[WhiteFideId "1503014"]
[BlackFideId "24101605"]
[EventDate "2020.11.01"]

1. e4 c5 2. Nf3 d6 3. d4 cxd4 4. Qxd4 a6 5. Be2 Nc6 6. Qe3 g6 7. O-O Bg7 8. Rd1
Nf6 9. h3 O-O 10. Nc3 Nd7 11. Nd5 e6 12. Nf4 Qc7 13. c3 b5 14. Nd3 Bb7 15. a4
Na5 16. axb5 axb5 17. Qf4 Nb3 18. Rxa8 Rxa8 19. Be3 Nf6 20. Nb4 Nxe4 21. Bxb5
Nbc5 22. Qh4 Bf6 23. Ng5 h5 24. f3 Nxg5 25. Bxg5 Bxg5 26. Qxg5 Qb6 27. Kh2 Qxb5
28. Rxd6 Qa5 29. Qe7 Rf8 30. Nc2 Qb5 31. b4 Na4 32. Qf6 Qf5 33. Qxf5 gxf5 34. c4
Rc8 35. c5 f4 36. Nd4 Nxc5 37. bxc5 Rxc5 38. h4 Rd5 39. Rxd5 Bxd5 40. Ne2 e5 41.
Nc3 Bc6 42. g3 Bxf3 43. gxf4 exf4 44. Kg1 Kg7 45. Kf2 Bb7 46. Ne2 f3 47. Nf4 Kh6
48. Ke3 Ba8 49. Kf2 Bb7 50. Ke3 Bc6 51. Kf2 f5 52. Ke3 Be4 53. Kf2 Bc6 54. Ke3
Bb7 55. Kf2 Be4 56. Ke3 Bc6 57. Kf2 Be4 58. Ke3 Bc6 59. Kf2 Be4 1/2-1/2

[Event "chess.com Speed 2020"]
[Site "chess.com INT"]
[Date "2020.12.12"]
[Round "3.11"]
[White "Carlsen, Magnus"]
[Black "Vachier-Lagrave, Maxime"]
[Result "1-0"]
[WhiteTitle "GM"]
[BlackTitle "GM"]
[WhiteElo "2862"]
[BlackElo "2784"]
[WhiteFideId "1503014"]
[BlackFideId "623539"]
[EventDate "2020.11.01"]

1. d4 Nf6 2. c4 g6 3. Nc3 d5 4. Nf3 Bg7 5. cxd5 Nxd5 6. Qa4+ Nc6 7. e4 Nb6 8.
Qc2 O-O 9. d5 Nb4 10. Qb3 a5 11. a3 Na6 12. Bg5 Nc5 13. Qc2 a4 14. Rd1 Bg4 15.
Be2 Nb3 16. Be3 Bxf3 17. gxf3 Qd7 18. h4 e5 19. Nb5 Rac8 20. h5 f5 21. hxg6 hxg6
22. exf5 gxf5 23. d6 cxd6 24. Qd3 Nc4 25. Qxc4+ Rxc4 26. Bxc4+ Rf7 27. Nxd6 1-0

[Event "chess.com Speed 2020"]
[Site "chess.com INT"]
[Date "2020.12.12"]
[Round "3.12"]
[White "Vachier-Lagrave, Maxime"]
[Black "Carlsen, Magnus"]
[Result "0-1"]
[WhiteTitle "GM"]
[BlackTitle "GM"]
[WhiteElo "2784"]
[BlackElo "2862"]
[WhiteFideId "623539"]
[BlackFideId "1503014"]
[EventDate "2020.11.01"]

1. e4 e5 2. Nf3 Nc6 3. Bb5 a6 4. Ba4 Nf6 5. O-O Be7 6. d3 b5 7. Bb3 d6 8. a3 O-O
9. Nc3 Nb8 10. Bd2 Nbd7 11. a4 Rb8 12. axb5 axb5 13. Ne2 Nc5 14. Ba2 b4 15. Bc4
c6 16. Be3 d5 17. Nxe5 dxc4 18. Nxc6 Qc7 19. Nxb8 Qxb8 20. Bxc5 Bxc5 21. d4 Rd8
22. f3 Bd6 23. g3 h5 24. c3 h4 25. Kg2 Nh5 26. Ra5 g6 27. Qe1 bxc3 28. bxc3 Qb2
29. Rf2 Bd7 30. g4 h3+ 31. Kg1 Qb6 32. Rxh5 gxh5 33. e5 Be7 34. Nf4 Bh4 35. Nxh5
Rb8 36. Ng3 Bc6 37. Qe3 Qb1+ 38. Rf1 Qc2 39. Qe2 Qxc3 40. Nf5 Rb2 41. Qd1 Rd2
42. Qa1 Bf2+ 0-1

[Event "chess.com Speed 2020"]
[Site "chess.com INT"]
[Date "2020.12.12"]
[Round "3.13"]
[White "Carlsen, Magnus"]
[Black "Vachier-Lagrave, Maxime"]
[Result "0-1"]
[WhiteTitle "GM"]
[BlackTitle "GM"]
[WhiteElo "2862"]
[BlackElo "2784"]
[WhiteFideId "1503014"]
[BlackFideId "623539"]
[EventDate "2020.11.01"]

1. d4 Nf6 2. c4 g6 3. Nc3 d5 4. Nf3 Bg7 5. cxd5 Nxd5 6. Qa4+ Bd7 7. Qa3 Bc6 8.
h4 a5 9. h5 Na6 10. Qb3 Qd6 11. h6 Bf6 12. e4 a4 13. Qc2 Nxc3 14. bxc3 e5 15.
Bxa6 Rxa6 16. O-O O-O 17. Rd1 exd4 18. cxd4 Qe7 19. Re1 Re8 20. Ne5 Bb5 21. Bf4
c5 22. Rab1 Ra5 23. Bd2 cxd4 24. Bxa5 Qxe5 25. Bc7 Qg5 26. Qc1 Ba6 27. Bf4 Qg4
28. e5 Be7 29. Bg3 Qe6 0-1

[Event "chess.com Speed 2020"]
[Site "chess.com INT"]
[Date "2020.12.12"]
[Round "3.14"]
[White "Vachier-Lagrave, Maxime"]
[Black "Carlsen, Magnus"]
[Result "1-0"]
[WhiteTitle "GM"]
[BlackTitle "GM"]
[WhiteElo "2784"]
[BlackElo "2862"]
[WhiteFideId "623539"]
[BlackFideId "1503014"]
[EventDate "2020.11.01"]

1. e4 c6 2. Nf3 d5 3. d3 Qc7 4. Nc3 dxe4 5. Nxe4 Nf6 6. Nxf6+ exf6 7. g3 Bd6 8.
Bg2 O-O 9. O-O Re8 10. Nd2 Be6 11. Ne4 Nd7 12. Re1 Bf8 13. Bf4 Qb6 14. Qd2 Bd5
15. Be3 Qc7 16. c4 Be6 17. b3 a5 18. a3 Rad8 19. Qc2 h6 20. d4 f5 21. Nd2 Nf6
22. Nf3 Bd6 23. Ne5 Bxe5 24. dxe5 Ng4 25. Qc3 Nxe3 26. Rxe3 Rd7 27. Bf1 Red8 28.
Rd3 Rxd3 29. Bxd3 Qd7 30. Rd1 a4 31. Bc2 Qxd1+ 32. Bxd1 Rxd1+ 33. Kg2 axb3 34.
Qxb3 Rd7 35. a4 g5 36. h4 Kg7 37. a5 Kg6 38. Qb4 Kg7 39. h5 Kg8 40. Kf1 Kg7 41.
Ke1 Kg8 42. f4 g4 43. Ke2 Kg7 44. Ke3 Kg8 45. c5 Kg7 46. Qa4 Rd5 47. a6 bxa6 48.
Qxc6 a5 49. Qb5 a4 50. Qb4 Bd7 51. e6 Bxe6 52. c6 Rd1 53. Qxa4 Rc1 54. Qd4+ Kh7
55. Qd6 Rc4 56. c7 Rc1 57. Qd8 Rc4 58. Kd3 Rc6 59. Kd4 Kg7 60. Ke5 Rc3 61. Kd6
Rxg3 62. Ke7 Re3 63. Qf8+ 1-0

[Event "chess.com Speed 2020"]
[Site "chess.com INT"]
[Date "2020.12.12"]
[Round "3.15"]
[White "Carlsen, Magnus"]
[Black "Vachier-Lagrave, Maxime"]
[Result "1/2-1/2"]
[WhiteTitle "GM"]
[BlackTitle "GM"]
[WhiteElo "2862"]
[BlackElo "2784"]
[WhiteFideId "1503014"]
[BlackFideId "623539"]
[EventDate "2020.11.01"]

1. e4 c5 2. Nf3 d6 3. Bc4 Nf6 4. d3 g6 5. h3 Bg7 6. O-O O-O 7. Bb3 Nc6 8. c3 e5
9. Bg5 h6 10. Bxf6 Qxf6 11. Nbd2 Kh7 12. Nc4 Qd8 13. a4 f5 14. Ne3 f4 15. Nd5 g5
16. Nh2 Ne7 17. Nxe7 Qxe7 18. a5 g4 19. hxg4 f3 20. gxf3 h5 21. Kg2 hxg4 22.
Nxg4 Bxg4 23. fxg4 Rf4 24. Rh1+ Kg6 25. Qe2 Bf6 26. Rh5 Bg5 27. Rah1 Raf8 28.
Rh8 Qd7 29. f3 Qg7 30. Rxf8 Rxf8 31. Be6 Rh8 32. Bf5+ Kf6 33. Qd1 Rxh1 34. Qxh1
Qh6 35. Qxh6+ Bxh6 36. Bc8 b6 37. a6 Bc1 38. b4 cxb4 39. cxb4 b5 40. Bd7 Bd2 41.
Bxb5 Bxb4 42. Kf2 Ba5 43. Ke2 Kg5 44. Kd1 Kf4 45. Kc2 Bd8 46. Bd7 Kxf3 47. Kc3
Kf4 48. Kc4 Bb6 49. Kd5 Kg5 50. Kxd6 Bd4 51. Bf5 Kf6 1/2-1/2

[Event "chess.com Speed 2020"]
[Site "chess.com INT"]
[Date "2020.12.12"]
[Round "3.16"]
[White "Vachier-Lagrave, Maxime"]
[Black "Carlsen, Magnus"]
[Result "1-0"]
[WhiteTitle "GM"]
[BlackTitle "GM"]
[WhiteElo "2784"]
[BlackElo "2862"]
[WhiteFideId "623539"]
[BlackFideId "1503014"]
[EventDate "2020.11.01"]

1. e4 c6 2. Nf3 d5 3. d3 Qc7 4. Nc3 dxe4 5. Nxe4 Bg4 6. h3 Bh5 7. Be2 Nd7 8. O-O
Ngf6 9. Be3 e6 10. Qd2 Nd5 11. Rae1 Nxe3 12. Qxe3 Be7 13. d4 O-O-O 14. c3 Kb8
15. b4 Nf6 16. Ne5 Bg6 17. Nc5 Nd5 18. Qf3 Bd6 19. Bc4 Bxe5 20. Rxe5 Nb6 21. Bb3
Nd7 22. Re2 Nxc5 23. bxc5 Rhe8 24. Rfe1 Re7 25. Bc2 Bxc2 26. Rxc2 e5 27. Rce2
Rde8 28. Qe4 g6 29. dxe5 Rd8 30. Qh4 h5 31. e6 Rxe6 32. Rxe6 fxe6 33. Qf6 a6 34.
Qxg6 Rd5 35. Qxe6 Rxc5 36. Qf6 Ra5 37. Qd4 c5 38. Qd5 c4 39. Qd4 Qc5 40. Re8+
Kc7 41. Qd8+ Kc6 42. Re6+ Kb5 43. Qd7+ 1-0

[Event "chess.com Speed 2020"]
[Site "chess.com INT"]
[Date "2020.12.12"]
[Round "3.17"]
[White "Carlsen, Magnus"]
[Black "Vachier-Lagrave, Maxime"]
[Result "1/2-1/2"]
[WhiteTitle "GM"]
[BlackTitle "GM"]
[WhiteElo "2862"]
[BlackElo "2784"]
[WhiteFideId "1503014"]
[BlackFideId "623539"]
[EventDate "2020.11.01"]

1. e4 c5 2. Nf3 d6 3. d4 cxd4 4. Qxd4 Nf6 5. h3 Nc6 6. Qe3 e6 7. Be2 Be7 8. O-O
O-O 9. Rd1 d5 10. exd5 exd5 11. Nc3 Re8 12. Qf4 h6 13. Be3 Be6 14. a3 a6 15. Nd4
Rc8 16. Nxc6 Rxc6 17. Bd4 Qc7 18. Qxc7 Rxc7 19. Bf3 Rc4 20. Rd2 Rd8 21. Rad1 Ne4
22. Nxe4 dxe4 23. Bxe4 Bg5 24. Rd3 Rxc2 25. Bxg7 Rxd3 26. Bxd3 Rc1 27. Rxc1 Bxc1
28. Bc3 Bd5 29. g4 Bg5 30. Bf1 Be6 31. Bg2 b6 32. Bd4 Bd8 33. Be4 b5 34. Kg2 a5
35. f4 b4 36. axb4 axb4 37. Kg3 b3 38. h4 Bc4 39. g5 hxg5 40. fxg5 Be2 41. Be5
Bd1 42. Bd5 Bc2 43. Kf4 Ba5 44. h5 Bd2+ 45. Kg4 Bd1+ 46. Kh4 Be1+ 47. Bg3 Bxg3+
48. Kxg3 Bxh5 49. Bxb3 Kg7 50. Kf4 f6 51. Ba4 fxg5+ 52. Kxg5 Be2 53. b4 Kf7 54.
Kf5 Ke7 55. Ke5 Bf1 56. Kd5 Kd8 57. Kc6 Kc8 58. Bb5 Bg2+ 59. Kb6 Kb8 60. Bc6 Bf1
61. b5 Bxb5 1/2-1/2

[Event "chess.com Speed 2020"]
[Site "chess.com INT"]
[Date "2020.12.12"]
[Round "3.18"]
[White "Vachier-Lagrave, Maxime"]
[Black "Carlsen, Magnus"]
[Result "1/2-1/2"]
[WhiteTitle "GM"]
[BlackTitle "GM"]
[WhiteElo "2784"]
[BlackElo "2862"]
[WhiteFideId "623539"]
[BlackFideId "1503014"]
[EventDate "2020.11.01"]

1. e4 c5 2. Nf3 Nc6 3. Bb5 g6 4. O-O Bg7 5. c3 Nf6 6. Re1 Qb6 7. Bf1 d6 8. Na3
O-O 9. Nc4 Qc7 10. d3 d5 11. exd5 Nxd5 12. a4 Bf5 13. Ne3 Nxe3 14. Bxe3 b6 15.
d4 cxd4 16. Nxd4 Nxd4 17. cxd4 Rfd8 18. a5 Qd6 19. axb6 axb6 20. Rxa8 Rxa8 21.
Qb3 Bxd4 22. Bxd4 Qxd4 23. Rxe7 Be6 24. Qb5 Kg7 25. Qc6 Bd5 26. Qd7 Ra4 27. h4
Rb4 28. h5 Qf6 29. Re2 Rd4 30. Qh3 g5 31. Qe3 h6 32. Rd2 Re4 33. Qc3 Be6 34. f3
Rh4 35. Rd6 Qxc3 36. bxc3 Rxh5 37. g3 g4 38. fxg4 Rc5 39. Rxb6 Rxc3 40. Kf2 Bxg4
41. Rb4 h5 42. Rf4 f5 43. Bg2 Kf6 44. Rb4 Kg5 45. Rb8 Rc2+ 46. Kg1 Be2 47. Rg8+
Kf6 48. Rf8+ Kg6 49. Rg8+ Kf7 50. Rb8 Bg4 51. Rb6 Ke7 52. Bd5 Rd2 53. Bg2 Rd3
54. Kf2 Kf7 55. Rb7+ Kf6 56. Rb6+ Kg5 57. Rb8 Rd2+ 58. Kg1 Kf6 59. Rf8+ Ke7 60.
Ra8 Rb2 61. Ra7+ Kd6 62. Ra6+ Kc5 63. Ra5+ Kd4 64. Ra4+ Ke3 65. Ra3+ Kd2 66. Bf3
Ke1 67. Re3+ Kd2 68. Re2+ Kc3 69. Rxb2 Kxb2 70. Kf2 Kc3 71. Ke3 Bxf3 72. Kxf3
Kd3 73. Kf4 Ke2 74. Kxf5 Kf3 75. Kg5 Kxg3 76. Kxh5 1/2-1/2

[Event "chess.com Speed 2020"]
[Site "chess.com INT"]
[Date "2020.12.12"]
[Round "3.21"]
[White "Carlsen, Magnus"]
[Black "Vachier-Lagrave, Maxime"]
[Result "1/2-1/2"]
[WhiteTitle "GM"]
[BlackTitle "GM"]
[WhiteElo "2862"]
[BlackElo "2784"]
[WhiteFideId "1503014"]
[BlackFideId "623539"]
[EventDate "2020.11.01"]

1. d4 Nf6 2. c4 g6 3. h4 d6 4. Nc3 Nbd7 5. e4 e5 6. d5 Nc5 7. Qc2 a5 8. Be2 Be7
9. h5 g5 10. Be3 h6 11. Nf3 Bd7 12. Bxc5 dxc5 13. Nxe5 Bd6 14. Nd3 Qe7 15. f3
Bg3+ 16. Kd1 O-O 17. a4 Ne8 18. Kc1 b6 19. Kb1 Nd6 20. Nc1 f5 21. Bd3 Rae8 22.
Ra3 Be5 23. N1e2 fxe4 24. Nxe4 Nf5 25. Qc1 Qg7 26. Rf1 Nd4 27. Nxd4 Bxd4 28. g4
Rf4 29. Bc2 Qf8 30. Ng3 Qf6 31. Be4 Bxg4 32. Bg6 Rf8 33. fxg4 Rxf1 34. Nxf1 Qxf1
35. Qxf1 Rxf1+ 36. Ka2 Rf2 37. Rb3 Kf8 38. d6 cxd6 39. Rxb6 Ke7 40. Bf5 Be5 41.
Rb5 Kf6 42. Kb1 Bd4 43. Bc2 Rf1+ 44. Ka2 Rf2 45. Kb1 Rf1+ 46. Ka2 Rf2 47. Kb1 1/2-1/2

[Event "chess.com Speed 2020"]
[Site "chess.com INT"]
[Date "2020.12.12"]
[Round "3.22"]
[White "Vachier-Lagrave, Maxime"]
[Black "Carlsen, Magnus"]
[Result "1-0"]
[WhiteTitle "GM"]
[BlackTitle "GM"]
[WhiteElo "2784"]
[BlackElo "2862"]
[WhiteFideId "623539"]
[BlackFideId "1503014"]
[EventDate "2020.11.01"]

1. e4 c5 2. Nf3 Nc6 3. d4 cxd4 4. Nxd4 Nf6 5. Nc3 e5 6. Nf5 d5 7. exd5 Bxf5 8.
dxc6 bxc6 9. Qf3 Qd7 10. Bg5 e4 11. Qd1 Qe6 12. Qd4 Rd8 13. Qa4 Bc5 14. Bc4 Qe5
15. Qxc6+ Bd7 16. Bxf6 Bxf2+ 17. Kf1 gxf6 18. Qxe4 Bd4 19. Re1 Kf8 20. Bd3 Be6
21. Qh4 Qg5 22. Qxg5 fxg5 23. Ke2 Rb8 24. Ne4 Rxb2 25. Nxg5 Bxa2 26. Kd2 Kg7 27.
Re4 Bf6 28. Rg4 Kh6 29. h4 Rd8 30. Rf1 Bxg5+ 31. Rxg5 Rb6 32. Rf4 Bd5 33. g4 Rg6
34. Rh5+ Kg7 35. Rd4 Rgd6 36. Rxh7+ Kg8 37. Rh5 Be6 38. Rxd6 Rxd6 39. Ra5 Bxg4
40. Rg5+ 1-0

[Event "chess.com Speed 2020"]
[Site "chess.com INT"]
[Date "2020.12.12"]
[Round "3.23"]
[White "Carlsen, Magnus"]
[Black "Vachier-Lagrave, Maxime"]
[Result "1-0"]
[WhiteTitle "GM"]
[BlackTitle "GM"]
[WhiteElo "2862"]
[BlackElo "2784"]
[WhiteFideId "1503014"]
[BlackFideId "623539"]
[EventDate "2020.11.01"]

1. d4 Nf6 2. c4 g6 3. h4 d6 4. Nc3 Nc6 5. e4 e5 6. d5 Nd4 7. Nge2 c5 8. dxc6
bxc6 9. Nxd4 exd4 10. Qxd4 Bg7 11. Bg5 h6 12. Be3 O-O 13. Qd2 Re8 14. f3 d5 15.
Rd1 Qc7 16. cxd5 cxd5 17. Bb5 Bb7 18. Bxe8 Rxe8 19. O-O dxe4 20. Nb5 Qc6 21. Nd6
Rd8 22. Qb4 Ba6 23. Nxe4 Nd5 24. Qa5 Rd7 25. Rfe1 Nxe3 26. Rxd7 Qxd7 27. Qxa6
Qd4 28. Kh1 Nf5 29. h5 Ng3+ 30. Nxg3 Qh4+ 31. Kg1 Bd4+ 32. Kf1 Qxg3 33. Qe2 Qh4
34. Qd2 Qh1+ 35. Ke2 Qxg2+ 36. Kd3 Bf2 37. Re8+ Kh7 38. Qf4 Qf1+ 39. Kd2 1-0

[Event "chess.com Speed 2020"]
[Site "chess.com INT"]
[Date "2020.12.12"]
[Round "3.24"]
[White "Vachier-Lagrave, Maxime"]
[Black "Carlsen, Magnus"]
[Result "1-0"]
[WhiteTitle "GM"]
[BlackTitle "GM"]
[WhiteElo "2784"]
[BlackElo "2862"]
[WhiteFideId "623539"]
[BlackFideId "1503014"]
[EventDate "2020.11.01"]

1. e4 e5 2. Nf3 Nc6 3. Bb5 a6 4. Ba4 Nf6 5. O-O Be7 6. d3 b5 7. Bb3 d6 8. a3 O-O
9. Nc3 Nb8 10. Bd2 Nbd7 11. a4 Rb8 12. axb5 axb5 13. Ne2 Nc5 14. Ba2 Be6 15. Ng3
Re8 16. Be3 Bxa2 17. Rxa2 Ne6 18. h3 Qd7 19. Qd2 Ra8 20. Rfa1 Rxa2 21. Rxa2 Qc6
22. b3 Ra8 23. c4 bxc4 24. bxc4 Nd7 25. Ne2 Rxa2 26. Qxa2 Ndc5 27. Ne1 Qb7 28.
Nc3 c6 29. g3 Bg5 30. Bxc5 Nxc5 31. h4 Bd8 32. Qc2 Ba5 33. Nf3 Bxc3 34. Qxc3
Qb1+ 35. Kg2 Qxd3 36. Qa5 h6 37. Qa8+ Kh7 38. Qxc6 Nxe4 39. Qc8 Nf6 40. c5 dxc5
41. Qxc5 Ng4 42. Nxe5 Qf5 43. f4 Qe4+ 44. Kh3 Ne3 45. Qc6 Qb1 46. Qf3 Qg6 47.
Nxg6 1-0

[Event "chess.com Speed 2020"]
[Site "chess.com INT"]
[Date "2020.12.12"]
[Round "3.25"]
[White "Carlsen, Magnus"]
[Black "Vachier-Lagrave, Maxime"]
[Result "1-0"]
[WhiteTitle "GM"]
[BlackTitle "GM"]
[WhiteElo "2862"]
[BlackElo "2784"]
[WhiteFideId "1503014"]
[BlackFideId "623539"]
[EventDate "2020.11.01"]

1. d4 Nf6 2. c4 g6 3. h4 d6 4. Nc3 Nc6 5. e4 e5 6. d5 Nd4 7. Nge2 c5 8. dxc6
bxc6 9. Nxd4 exd4 10. Qxd4 Bg7 11. Bg5 h6 12. Be3 O-O 13. Qd2 Ng4 14. Bd4 Ne5
15. O-O-O Be6 16. f4 c5 17. Bxe5 dxe5 18. Qf2 Qf6 19. f5 gxf5 20. Nd5 Bxd5 21.
cxd5 fxe4 22. Qxf6 Bxf6 23. d6 Rab8 24. Bc4 Kg7 25. g3 e3 26. Rhe1 e4 27. Rxe3
Bxb2+ 28. Kc2 f5 29. Rd5 Bd4 30. Rb3 Kf6 31. d7 Rxb3 32. axb3 Rd8 33. b4 Be5 34.
bxc5 Bxg3 35. c6 Bc7 36. Rb5 Ke7 37. Rxf5 Rf8 38. Rb5 Kd6 39. Rh5 Kxc6 40. Bb5+
Kb6 41. Ba4 Bd8 42. Rxh6+ Kc7 43. h5 Rf6 44. Rxf6 Bxf6 45. h6 Kd6 46. h7 Ke7 47.
Kd2 Bd4 48. Kc2 a5 49. Kb3 e3 50. Kc2 Bg7 51. Kd3 Kd8 52. Kxe3 Ke7 53. Ke4 Bh8
54. Kd5 Bg7 55. Kc6 Kd8 56. Kd6 1-0

[Event "chess.com Speed 2020"]
[Site "chess.com INT"]
[Date "2020.12.12"]
[Round "3.26"]
[White "Vachier-Lagrave, Maxime"]
[Black "Carlsen, Magnus"]
[Result "1-0"]
[WhiteTitle "GM"]
[BlackTitle "GM"]
[WhiteElo "2784"]
[BlackElo "2862"]
[WhiteFideId "623539"]
[BlackFideId "1503014"]
[EventDate "2020.11.01"]

1. e4 c6 2. Nf3 d5 3. Nc3 dxe4 4. Nxe4 Nf6 5. Qe2 Nxe4 6. Qxe4 Nd7 7. Bc4 Nf6 8.
Ne5 e6 9. Qe2 b5 10. Bb3 Qc7 11. d4 Bd6 12. Bg5 a5 13. c3 Ba6 14. O-O Nd5 15.
Bc2 c5 16. Bd3 O-O 17. Bd2 cxd4 18. cxd4 Qb7 19. Qe4 f5 20. Qe2 Bxe5 21. Qxe5
Rf6 22. a3 b4 23. Bxa6 Rxa6 24. axb4 axb4 25. Rxa6 Qxa6 26. Bxb4 h6 27. Qb8+ Kh7
28. Bd6 Rf7 29. Be5 Qb7 30. Qd6 Qb6 31. Qxb6 Nxb6 32. Rc1 Nd5 33. h4 Kg6 34. Rc6
Re7 35. Kh2 Kh5 36. Kh3 g5 37. hxg5 hxg5 38. f3 g4+ 39. fxg4+ fxg4+ 40. Kg3 Kg5
41. Rc8 Rb7 42. Rg8+ Kf5 43. Rxg4 Rxb2 44. Rg7 Ke4 45. Kh3 Ne3 46. Rg6 Rb1 47.
Rxe6 Rh1+ 48. Kg3 Nf5+ 49. Kf2 Ra1 50. Bf6+ Kf4 51. g3+ Kg4 52. Re4+ Kh3 53. Be5
Ra3 54. g4 Nh6 55. g5 Ng4+ 56. Ke2 Ra2+ 57. Ke1 Nf2 58. Re3+ Kg4 59. g6 Kf5 60.
g7 Ng4 61. g8=Q Ra1+ 62. Ke2 1-0

[Event "chess.com Speed 2020"]
[Site "chess.com INT"]
[Date "2020.12.12"]
[Round "3.27"]
[White "Carlsen, Magnus"]
[Black "Vachier-Lagrave, Maxime"]
[Result "1-0"]
[WhiteTitle "GM"]
[BlackTitle "GM"]
[WhiteElo "2862"]
[BlackElo "2784"]
[WhiteFideId "1503014"]
[BlackFideId "623539"]
[EventDate "2020.11.01"]

1. e4 c5 2. Nf3 d6 3. Bc4 Nf6 4. d3 g6 5. O-O Bg7 6. Nc3 O-O 7. h3 Nc6 8. a3 a6
9. Ba2 b5 10. Re1 Bb7 11. Bf4 e5 12. Bg5 h6 13. Bxf6 Qxf6 14. Nd5 Qd8 15. c3 Ne7
16. Nxe7+ Qxe7 17. a4 Kh7 18. axb5 axb5 19. Bb3 f5 20. Rxa8 Bxa8 21. Nd2 Bc6 22.
Bd5 Bxd5 23. exd5 Qb7 24. Qb3 Ra8 25. Nb1 h5 26. Na3 Rb8 27. c4 bxc4 28. Qxb7
Rxb7 29. Nxc4 Rb3 30. Rd1 Bf8 31. Kf1 Kg7 32. Ke2 e4 33. dxe4 fxe4 34. Kd2 Kf6
35. Kc2 Rb7 36. Ra1 Rf7 37. Kd2 Kg5 38. Ke2 Rb7 39. Ra3 Rb4 40. b3 h4 41. Kd2
Rb7 42. Ra8 Be7 43. Kc2 Kf6 44. Ra4 g5 45. Ra8 Kf7 46. Ra6 Rb4 47. Nxd6+ Bxd6
48. Rxd6 Rd4 49. Re6 Rxd5 50. Rxe4 Kf6 51. Re3 Rf5 52. Re2 Rf4 53. f3 Rd4 54.
Re4 Rd5 55. Rc4 Kf5 56. Kc3 Re5 57. Kd3 Rd5+ 58. Ke3 Re5+ 59. Re4 Rd5 60. f4
gxf4+ 61. Rxf4+ Kg5 62. Rg4+ Kh5 63. Rc4 Rg5 64. Kf2 Rf5+ 65. Ke2 Re5+ 66. Kf3
Rf5+ 67. Rf4 Rd5 68. Ke4 Rd4+ 69. Ke3 Rd5 70. Rf8 Re5+ 71. Kd3 Kg5 72. Rg8+ Kh5
73. Kc4 Kh6 74. Rc8 Re2 75. Rh8+ Kg5 76. Rg8+ Kf4 77. Kxc5 1-0

[Event "chess.com Speed 2020"]
[Site "chess.com INT"]
[Date "2020.12.12"]
[Round "3.128"]
[White "Vachier-Lagrave, Maxime"]
[Black "Carlsen, Magnus"]
[Result "1-0"]
[WhiteTitle "GM"]
[BlackTitle "GM"]
[WhiteElo "2784"]
[BlackElo "2862"]
[WhiteFideId "623539"]
[BlackFideId "1503014"]
[EventDate "2020.11.01"]

1. e4 e5 2. Nf3 Nc6 3. Bb5 Nf6 4. O-O Nxe4 5. d4 Nd6 6. Bxc6 dxc6 7. dxe5 Nf5 8.
Qxd8+ Kxd8 9. h3 h6 10. Nc3 Bd7 11. b3 Kc8 12. Bb2 c5 13. Nd5 a5 14. a4 Ne7 15.
Nf4 Ra6 16. Rfe1 Rg8 17. Nd2 Ng6 18. Nd3 Bf5 19. Ne4 c4 20. bxc4 Rc6 21. c5 Bxe4
22. Rxe4 Bxc5 23. e6 fxe6 24. Rg4 Ne7 25. Nxc5 Rxc5 26. Ba3 Rxc2 27. Bxe7 b6 28.
Bf6 g5 29. Bd4 Rd8 30. Be3 Rd5 31. h4 gxh4 32. Rxh4 h5 33. g3 Rb2 34. Kg2 Rb4
35. Rah1 Rxh4 36. Rxh4 Kb7 37. Kf3 c6 38. Re4 Rf5+ 39. Ke2 e5 40. Rh4 b5 41. Kd3
Ka6 42. Ke4 Rf7 43. Rxh5 bxa4 44. Rxe5 a3 1-0

[Event "chess.com Speed 2020"]
[Site "chess.com INT"]
[Date "2020.12.12"]
[Round "3.31"]
[White "Carlsen, Magnus"]
[Black "Vachier-Lagrave, Maxime"]
[Result "1/2-1/2"]
[WhiteTitle "GM"]
[BlackTitle "GM"]
[WhiteElo "2862"]
[BlackElo "2784"]
[WhiteFideId "1503014"]
[BlackFideId "623539"]
[EventDate "2020.11.01"]

1. e4 c5 2. Nf3 d6 3. Bb5+ Nd7 4. O-O a6 5. Bd3 Ngf6 6. Re1 e6 7. c3 b5 8. Bc2
c4 9. a4 Bb7 10. axb5 axb5 11. Rxa8 Bxa8 12. d4 cxd3 13. Qxd3 Qb8 14. Na3 b4 15.
cxb4 Qxb4 16. Nb5 Bxe4 17. Nc7+ Kd8 18. Qe2 Kxc7 19. Bd2 Qb7 20. Ba5+ Kb8 21.
Bxe4 Nxe4 22. Qxe4 Qxe4 23. Rxe4 d5 24. Re3 Bc5 25. Rb3+ Ka7 26. Ng5 Ne5 27. Bc3
d4 28. Be1 h6 29. Ne4 Be7 30. f4 Nc6 31. Kf1 Rb8 32. Rxb8 Kxb8 33. Ke2 Kc7 34.
Kd3 f5 35. Nd2 Kd6 36. Kc4 Bf6 37. Nf3 g5 38. g3 g4 39. Nd2 e5 40. b4 e4 41. Nb3
d3 42. b5 Nd8 43. Bb4+ Kd7 44. Kd5 Nb7 45. Bd2 Kc7 46. Be3 Kd7 47. b6 Be7 48.
Nd2 Bb4 49. Nc4 Bc3 50. Ne5+ Bxe5 51. fxe5 Nd8 52. e6+ Nxe6 53. b7 Nc7+ 54. Ke5
Na6 55. Kxf5 Kc7 56. Kxe4 Nc5+ 57. Kd4 Nxb7 58. Kxd3 Kd6 59. Ke4 h5 60. Kf5 Kd5
61. Bf4 Nc5 62. Kg5 Ke4 63. Kxh5 Kf3 64. Kh4 Ne4 65. h3 gxh3 66. Kxh3 Nxg3 1/2-1/2

[Event "chess.com Speed 2020"]
[Site "chess.com INT"]
[Date "2020.12.12"]
[Round "3.32"]
[White "Vachier-Lagrave, Maxime"]
[Black "Carlsen, Magnus"]
[Result "1-0"]
[WhiteTitle "GM"]
[BlackTitle "GM"]
[WhiteElo "2784"]
[BlackElo "2862"]
[WhiteFideId "623539"]
[BlackFideId "1503014"]
[EventDate "2020.11.01"]

1. e4 c5 2. Nf3 e6 3. c3 Nf6 4. e5 Nd5 5. Bc4 d6 6. O-O dxe5 7. Nxe5 Bd6 8. Re1
O-O 9. d3 Qc7 10. Nf3 b6 11. Nbd2 Bb7 12. Ne4 Be7 13. a4 Nd7 14. Qc2 Rad8 15. a5
Bc6 16. axb6 axb6 17. Bd2 h6 18. Bb3 N7f6 19. Ng3 Bd6 20. Ne4 Bf4 21. Nxf6+ Nxf6
22. Bxf4 Qxf4 23. Ne5 Ng4 24. Nxc6 Qxh2+ 25. Kf1 Rd6 26. Ne7+ Kh8 27. Ra4 Qh1+
28. Ke2 Qxg2 29. Rf4 e5 30. Rf3 f5 31. Nxf5 Rdf6 32. Nh4 Rxf3 33. Nxg2 Rxf2+ 34.
Kd1 Rxc2 35. Bxc2 Rf3 36. Kd2 g5 37. Ne3 Nxe3 38. Rxe3 Rf5 39. Re2 Kg7 40. d4
Rf4 41. dxe5 Kf7 42. e6+ Ke7 43. Bg6 g4 44. Bf7 Rf5 45. Rh2 g3 46. Rg2 Rg5 47.
Ke3 1-0

[Event "chess.com Speed 2020"]
[Site "chess.com INT"]
[Date "2020.12.12"]
[Round "3.33"]
[White "Carlsen, Magnus"]
[Black "Vachier-Lagrave, Maxime"]
[Result "0-1"]
[WhiteTitle "GM"]
[BlackTitle "GM"]
[WhiteElo "2862"]
[BlackElo "2784"]
[WhiteFideId "1503014"]
[BlackFideId "623539"]
[EventDate "2020.11.01"]

1. d4 Nf6 2. c4 g6 3. Nc3 d5 4. Nf3 Bg7 5. cxd5 Nxd5 6. Qa4+ Nc6 7. e4 Nb6 8.
Qc2 e6 9. Be3 O-O 10. Rd1 Bd7 11. h4 h6 12. e5 Ne7 13. h5 Nf5 14. hxg6 fxg6 15.
Bd3 Nxe3 16. fxe3 Bc6 17. Bxg6 Bxf3 18. gxf3 Rxf3 19. Ke2 Rg3 20. Rdg1 Qg5 21.
Rxg3 Qxg3 22. Bh7+ Kh8 23. Be4 Rf8 24. Kd3 c5 25. Ne2 c4+ 26. Kd2 Rf2 27. Rf1 h5
28. Rxf2 Qxf2 29. Bxb7 Bh6 30. Qe4 c3+ 31. bxc3 Nc4+ 32. Kd3 Nb2+ 33. Kd2 Bxe3+ 0-1